|
|
|
|
| LEADER |
00000nam a2200000 i 4500 |
| 001 |
DIGUAZUAY0088 |
| 003 |
NyNyDIG |
| 007 |
cr ||||||||||| |
| 008 |
260116s2019 ec a ob 000 0 spa d |
| 006 |
m o d |
| 035 |
|
|
|a (OCoLC)1438863853
|
| 040 |
|
|
|a DGITA
|b eng
|e rda
|e pn
|c DGITA
|
| 020 |
|
|
|a 9789942822345
|q eBook
|
| 020 |
|
|
|z 9789942822338
|
| 041 |
1 |
|
|a spa
|h por
|
| 043 |
|
|
|a s-bl---
|
| 050 |
1 |
4 |
|a JL2431 ebook
|
| 100 |
1 |
|
|a Cançado, Airton Cardoso,
|e author.
|
| 240 |
1 |
0 |
|a Gestão social.
|l Spanish
|s (Abad and Acuña)
|
| 245 |
1 |
0 |
|a Gestión social :
|b epistemología de un paradigma /
|c Airton Cardoso Cançado, Fernando Guilherme Tenório, José Roberto Pereira ; traducción y revisión técnica, Andrés Abad y Cristina Acuña.
|
| 250 |
|
|
|a Primera edición en español.
|
| 264 |
|
1 |
|a Cuenca, Ecuador :
|b Universidad del Azuay, Casa Editora,
|c [2019]
|
| 300 |
|
|
|a 1 online resource :
|b illustrations.
|
| 336 |
|
|
|a text
|b txt
|2 rdacontent
|
| 337 |
|
|
|a computer
|b c
|2 rdamedia
|
| 338 |
|
|
|a online resource
|b cr
|2 rdacarrier
|
| 347 |
|
|
|a text file
|2 rdaft
|
| 347 |
|
|
|b PDF
|
| 504 |
|
|
|a Includes bibliographical references.
|
| 588 |
0 |
|
|a Online resource; title from PDF title page (Digitalia, viewed January 16, 2026)
|
| 650 |
|
0 |
|a Public administration
|z Brazil.
|
| 650 |
|
0 |
|a Public welfare
|z Brazil.
|
| 651 |
|
0 |
|a Brazil
|x Social policy.
|
| 700 |
1 |
|
|a Tenório, Fernando Guilherme,
|e author.
|
| 700 |
1 |
|
|a Pereira, José Roberto,
|e author.
|
| 700 |
1 |
|
|i Translation of:
|a Cançado, Airton Cardoso.
|t Gestão social.
|
| 700 |
1 |
|
|a Abad, Andrés,
|e translator.
|
| 700 |
1 |
|
|a Acuña, Cristina,
|e translator.
|
| 791 |
2 |
|
|a Digitalia (Firm),
|e distributor.
|
| 793 |
0 |
|
|g Digitalia eBook Collection:
|a Universidad del Azuay
|
| 776 |
0 |
8 |
|i Print version:
|a Cançado, Airton Cardoso.
|s Gestão social. Spanish (Abad and Acuña).
|t Gestión social.
|b Primera edición en español.
|d Cuenca, Ecuador : Universidad del Azuay, Casa Editora, [2019]
|z 9789942822338
|
| 856 |
4 |
0 |
|3 Digitalia Hispánica
|u https://www.digitaliapublishing.com/a/133471/
|
| 910 |
|
|
|a Premium collection: 2026
|